| 000 | 03455nam a2200277 4500 | ||
|---|---|---|---|
| 001 | 113567 | ||
| 003 | DR-UNIBE | ||
| 005 | 20250509164238.0 | ||
| 008 | 250507b2006 es ||||| |||| 00| 0 spa d | ||
| 040 |
_aBIBLIOTECA UNIBE _cBIBLIOTECA UNIBE |
||
| 041 | _aspa | ||
| 082 | _a342.97284 R426d | ||
| 110 | 0 |
_aRepública de El Salvador. Corte Suprema de Justicia _9195202 _eautor |
|
| 245 | 1 | 3 |
_a16 sentencias representativas de la sala de lo constitucional / _cCorte Suprema de Justicia ; introducción: René Fortín Magaña ; diseño y producción: Martín R. Pocasangre Posada ; diagramación: Roxana Maricela López de Linares ; diseño de portada: Antonio Alberto Aquino |
| 250 | _aPrimera edición | ||
| 260 |
_aSan Salvador: _bCorte Suprema de Justicia. Sección de Publicaciones, _c2006 |
||
| 300 |
_a777 páginas : _c23 x 17 cm |
||
| 505 | _a1. Sentencia de inconstitucionalidad 16-99 del 26 de junio de 2000 acerca de la imposibilidad de las candidaturas independientes para ser Diputado | 2. Sentencia de inconstitucionalidad 33-37/2000 del 31 de agosto de 2001 acerca de la base aérea de Comalapa | 3.Sentencia de inconstitucionalidad 41-2000/2-2001/3-2001/4-2001 del 13 de noviembre de 2001 acerca de la Ley de Integración Monetaria | 4.Sentencia de inconstitucionalidad 9-97 del 15 de febrero de 2002 acerca del pacto de no apelar | 5.Sentencia de inconstitucionalidad 6-2000 del 17 de mayo de 2000 acerca del Art. 12 del Código Electoral (Plancha Nacional) | 6. Sentencia de inconstitucionalidad 28-2002 del 8 de abril de 2003 acerca del Art 13. del Código Electoral (Plancha Nacional) | | 7. Sentencia de amparo 674-2001 del 23 de diciembre de 2002 acerca del caso Jesuitas | 8. Sentencia de amparo 118-2002 del 2 de marzo de 2004 contra DICOM (Hábeas Data | 9.Sentencia desestimatoria de inconstitucionalidad 26-2002 del 25 de octubre de 2002 acerca de la Ley de Presupuesto General para el ejercicio financiero fiscal 2004 | 10. Sentencia de amparo 312-2004 del 17 de diciembre de 2004 a favor del Partido Demócrata Cristiano (PDC) | 11.Sentencia de amparo 312-2004 del 17 de diciembre de 2004 a favor del Partido de Conciliación Nacional (PCN) | 12. Sentencia de inconstitucionalidad 8-2003/49-2003/2-2004/52004 del 22 de diciembre de 2004 acerca de la Ley de Bancos | 13. Sentencia de inconstitucionalidad 59-2003 del 121 de julio de 2005 acerca del Fondo de Conservación Vial (FOVIAL) | 14. Sentencia de inconstitucionalidad 36-2004 del 2 de septiembre de 2005 acerca de la autodeterminación informativa (Hábeas data) 15. Sentencia e Hábeas Corpus 199-2005 del 21 de diciembre 2005 a favor de Enrique Altamirano Madriz y Lafitte Fernández | 16. Improcedencia de inconstitucionalidad 64-2005 del 1 de febrero de 2005 de la interpretación auténtica del ART. 13 atribución 1 de la Ley Orgánica del Ministerio Público (Fiscal General Adjunto) | 17. Sentencia de inconstitucionalidad del 25 de abril de 2006 de la reforma al artículo 159 del Código Electoral | ||
| 650 | 7 |
_aRecurso de inconstitucionalida _zEl Salvador _9195208 |
|
| 651 | 7 |
_aEl Salvador _xDerecho constitucional _9194980 |
|
| 700 | 1 | 0 |
_aFortín Magaña, René _9194981 _eintroducción |
| 700 | 1 | 0 |
_aPocasangre Posada, Martín R. _9194790 _ediseñador _eproducción |
| 700 | 1 | 0 |
_aLópez de Linares, Roxana Maricela _9194902 _ediagramador |
| 700 | 1 | 0 |
_aAquino, Antonio Alberto _9194982 _ediseñador de portada |
| 942 |
_2ddc _cBK |
||
| 999 |
_c113567 _d113567 |
||